000 00649nam a2200169 4500
001 114152
003 ES-MaACL
005 20230906190104.0
007 t|
008 061121s1970 sp r ||||1| spa d
100 1 _aPalomeque Torres, Antonio.
_988689
245 1 3 _aEl trienio constitucional en Barcelona y la instauración de la Universidad de 2ª y 3ª enseñanza /
_cAntonio Palomeque Torres.
260 _aBarcelona :
_bUniversidad, Departamento de Historia Contemporánea,
_c1970.
300 _a370 p. ;
_c23 cm.
710 2 _aUniversidad de Barcelona.
_bDepartamento de Historia Contemporánea.
_97143
852 _aES-MaACL
_jA-8399
_bR.97808
999 _c114152
_d114152